000 00610nam a2200169 a 4500
008 120416s1972 ||||||||||||||||| || u
020 _a0442270526
050 _aTD 883 Air
100 _aRoss, R. D
245 1 0 _aAir pollution and industry
_cedited by R.D. Ross
260 _aNew York
_bLitton Educational
_c1972
300 _axviii,489p.: ill.
350 _a0.00
490 _aVan Nostrand Reinhold environmental engineering
650 _aTEXTBOOKS
995 _D0.00
_FCBU-MAIN LIBRARY (Kitwe)
_H1
_I9.50
_M1
_UAVAILABLE
_ZMain Library Open Access Collection
999 _c34030
_d34030